000 00574nam a2200181 a 4500
001 000047515
005 20201002060601.0
008 180614s2005 dr a 000 spa d
020 _a9870401880
040 _aDO-SdBNP
_bspa
_cBNPHU
100 _aBasch, Adela
_975132
245 0 _aColón agarra viaje a toda costa. /
_cAdela Basch ; Ilustraciones Ricardo Fuhmann.
260 _aSanto Domingo :
_bCorripio,
_c2005.
300 _a89 p. :
_bil. ;
_c21 cm.
490 _aColección Alfaguara infantil
590 _aInventariado,2018/DG
700 _aFuhmann, Ricardo
_eil.
_975133
999 _c47003
_d47003